00636cam a22002291 4500001001300000003000400013005001700017008004100034010001700075035002000092040001700112042001200129050002200141100005800163245003600221260004400257300002100301500001800322650002800340752002100368999001700389he 65001500 DLC20260227111434.0830721s1964 is 000 0 heb  ahe 65001500  a(OCoLC)19168199 aDLCcMHdDLC apremarc00aBM740b.E623 19640 aEphraim Solomon ben Aaron,cof Luntshits,d1550-1619.10aʻOlelot Efrayim :b... derush. aTel Aviv :bPardes,c725 [1964 or 1965] a392 p. ;c23 cm. aPhoto-offset. 0aJewish sermonszPoland. aIsraeldTel Aviv c31391d31391